000 00357pab a2200145 454500
008 180718b2002 xxu||||| |||| 00| 0 eng d
100 _aFeldman, David
245 _aParliamentary scrutiny of legislation and human rights
260 _c2002
300 _ap.323-48.
362 _aSummer
650 _aHuman rights
773 _aPublic Law
909 _a52624
999 _c52624
_d52624